[Event "Russian Championship Superfinal"]
[Site "Satka RUS"]
[Date "2018.08.28"]
[Round "4.1"]
[White "Denis Khismatullin"]
[Black "Daniil Dubov"]
[Result "0-1"]
[EventDate "2018.08.25"]
[WhiteElo "2634"]
[BlackElo "2691"]
[PlyCount "50"]

1. d4 Nf6 2. Nf3 g6 3. e3 Bg7 4. Be2 O-O 5. O-O d6 6. b3 Nc6 7. Bb2 Bf5 8. c4 e5 9. dxe5 dxe5 10. Qc1 Qe7 11. a3 Rad8 12. b4 Bg4 13. Ra2 e4 14. Bxf6 Qxf6 15. Nd4 Nxd4 16. Bxg4 h5 17. Bd1 Nf3+ 18. Kh1 Qh4 19. h3 f5 20. c5 Ng5 21. Qc4+ Kh7 22. f4 Nxh3 23. gxh3 Rxd1 24. Kg2 Rd3 25. Re2 g5 0-1

[Event "Russian Championship Superfinal"]
[Site "Satka RUS"]
[Date "2018.08.27"]
[Round "3.6"]
[White "Ernesto Inarkiev"]
[Black "Daniil Dubov"]
[Result "0-1"]
[EventDate "2018.08.25"]
[WhiteElo "2690"]
[BlackElo "2691"]
[PlyCount "56"]

1. d4 Nf6 2. Nf3 g6 3. c4 Bg7 4. e3 O-O 5. Be2 c5 6. d5 e6 7. Nc3 exd5 8. cxd5 d6 9. O-O Bg4 10. h3 Bxf3 11. Bxf3 Nbd7 12. Qc2 a6 13. a4 c4 14. Be2 Rc8 15. a5 Rc5 16. Qa4 Re8 17. Rd1 Ne4 18. Nxe4 Rxe4 19. Bd2 f5 20. Qa3 Rb5 21. Rab1 Rb3 22. Qa2 Nc5 23. f3 c3 24. fxe4 cxd2 25. Bc4 Qg5 26. Bxb3 Qxe3+ 27. Kh1 Nxe4 28. Rf1 Be5 0-1

[Event "Russian Championship Superfinal"]
[Site "Satka RUS"]
[Date "2018.08.26"]
[Round "2.2"]
[White "Daniil Dubov"]
[Black "Grigoriy Oparin"]
[Result "1/2-1/2"]
[EventDate "2018.08.25"]
[WhiteElo "2691"]
[BlackElo "2609"]
[PlyCount "126"]

1. c4 Nf6 2. Nc3 e6 3. e4 d5 4. e5 d4 5. exf6 dxc3 6. bxc3 Qxf6 7. d4 b6 8. Nh3 Bb7 9. Bg5 Qf5 10. f3 Nd7 11. Bd3 Qa5 12. Qc2 h6 13. Bd2 Bc6 14. O-O Ba4 15. Qc1 Bd6 16. Rb1 Nf6 17. c5 bxc5 18. c4 Qa6 19. Nf2 Rd8 20. Re1 Bd7 21. d5 Kf8 22. Kh1 Re8 23. Bc3 exd5 24. cxd5 c4 25. Rxe8+ Bxe8 26. Bf1 Nxd5 27. Bxc4 Qc6 28. Ne4 Nxc3 29. Qxc3 Be7 30. Rb8 Qd7 31. Qb3 Bd8 32. Qa3+ Be7 33. Qb3 Bd8 34. h3 h5 35. Bb5 c6 36. Bxc6 Qxc6 37. Rxd8 Qc1+ 38. Rd1 Qc7 39. Qb4+ Kg8 40. Ng5 Rh6 41. Re1 Bc6 42. Re7 Qd6 43. Qxd6 Rxd6 44. Rc7 Be8 45. Rxa7 f6 46. Ne4 Rd1+ 47. Kh2 h4 48. a4 Bc6 49. Nc5 Rd2 50. Kg1 Rd1+ 51. Kf2 Rd2+ 52. Kf1 Bd5 53. a5 Rc2 54. Rc7 Ra2 55. a6 Bc4+ 56. Kg1 Bxa6 57. Ne6 g5 58. Rg7+ Kh8 59. Rg6 Bc4 60. Nc5 Ra5 61. Ne4 Bd3 62. Rxf6 Bxe4 63. fxe4 Re5 1/2-1/2

[Event "Russian Championship Superfinal"]
[Site "Satka RUS"]
[Date "2018.08.25"]
[Round "1.5"]
[White "Alexey Sarana"]
[Black "Daniil Dubov"]
[Result "1/2-1/2"]
[EventDate "2018.08.25"]
[WhiteElo "2613"]
[BlackElo "2691"]
[PlyCount "67"]

1. e4 c5 2. Nf3 Nc6 3. d4 cxd4 4. Nxd4 Nf6 5. Nc3 e5 6. Ndb5 d6 7. Bg5 a6 8. Na3 b5 9. Bxf6 gxf6 10. Nd5 Bg7 11. Bd3 Ne7 12. Nxe7 Qxe7 13. c4 f5 14. O-O O-O 15. Qf3 Qb7 16. exf5 Qxf3 17. gxf3 e4 18. Bxe4 d5 19. Bxd5 Bxf5 20. Bxa8 Rxa8 21. cxb5 Bxb2 22. Nc4 Bxa1 23. Rxa1 axb5 24. Nd6 Bd3 25. Rd1 Ra3 26. Rd2 Kg7 27. Rb2 Ra6 28. Nxb5 Bxb5 29. Rxb5 Rxa2 30. Kg2 Kg6 31. Rb6+ Kg7 32. Rb5 Kg6 33. Rb6+ Kg7 34. Rb5 1/2-1/2

[Event "25th Abu Dhabi Masters"]
[Site "Abu Dhabi UAE"]
[Date "2018.08.15"]
[Round "9.2"]
[White "Daniil Dubov"]
[Black "Ivan Cheparinov"]
[Result "1-0"]
[EventDate "?"]
[WhiteElo "2691"]
[BlackElo "2718"]
[PlyCount "160"]

1. d4 Nf6 2. c4 e6 3. Nf3 d5 4. g3 dxc4 5. Bg2 a6 6. O-O Nc6 7. b3 cxb3 8. Qxb3 Be7 9. Bb2 O-O 10. Nbd2 a5 11. a3 Bd7 12. Nc4 a4 13. Qc2 Na5 14. Nfe5 Nxc4 15. Qxc4 Nd5 16. Rfc1 c6 17. e4 Nc7 18. Qc2 Be8 19. Rd1 f6 20. Nc4 Ra6 21. Qe2 Kh8 22. f4 Bf7 23. Kh1 Qd7 24. g4 b5 25. Ne3 b4 26. axb4 Bxb4 27. Rac1 a3 28. Ba1 Be7 29. e5 Rfa8 30. exf6 Bxf6 31. g5 Be7 32. d5 exd5 33. Nc4 Bd6 34. Nxd6 Qxd6 35. f5 Re8 36. Qf2 Nb5 37. g6 hxg6 38. Qh4+ Kg8 39. f6 Re5 40. Bxe5 Qxe5 41. fxg7 Kxg7 42. Rd3 a2 43. Rh3 Qh5 44. Qf4 a1=Q 45. Rxh5 gxh5 46. Rxa1 Rxa1+ 47. Bf1 Nc3 48. Qe5+ Kg8 49. Kg1 Rxf1+ 50. Kxf1 Ne4 51. Qb8+ Kg7 52. Qe5+ Kg8 53. Ke2 c5 54. Ke3 c4 55. Kd4 c3 56. Qc7 Kg7 57. Ke5 Kg8 58. Qc8+ Kg7 59. Qc6 Kh7 60. Kd4 Kg7 61. Qc7 Kg8 62. Kd3 Kg7 63. Qe5+ Kh7 64. Kc2 Kg8 65. Qd4 Kh7 66. Kb3 Bg6 67. Qe5 Kg8 68. Kb4 Kh7 69. Qc7+ Kh6 70. Qf4+ Kh7 71. Kb3 Kg8 72. h4 Kh7 73. Qc7+ Kg8 74. Kb4 d4 75. Kc4 c2 76. Kxd4 Nf2 77. Ke3 Ng4+ 78. Kf4 Kf8 79. Kg5 Bf7 80. Qxc2 1-0

[Event "25th Abu Dhabi Masters"]
[Site "Abu Dhabi UAE"]
[Date "2018.08.11"]
[Round "5.1"]
[White "Daniil Dubov"]
[Black "Vladimir Fedoseev"]
[Result "1/2-1/2"]
[EventDate "?"]
[WhiteElo "2691"]
[BlackElo "2707"]
[PlyCount "60"]

1. d4 d5 2. c4 e6 3. Nc3 a6 4. cxd5 exd5 5. Nf3 Nf6 6. Qb3 Be7 7. Bf4 O-O 8. e3 Bd6 9. Bg5 c6 10. Bd3 Re8 11. O-O Be7 12. Rae1 Nbd7 13. e4 Nb6 14. Bxf6 Bxf6 15. exd5 Rxe1 16. Rxe1 Nxd5 17. Bc4 Be6 18. Bxd5 cxd5 19. Qxb7 a5 20. Na4 Rb8 21. Qa6 Bd7 22. Nc3 Rxb2 23. Nxd5 Be6 24. Nf4 Bd7 25. Ne5 Bxe5 26. dxe5 h6 27. g3 Bb5 28. Qb7 Qd2 29. Qc8+ Kh7 30. Qf5+ Kg8 1/2-1/2

[Event "Russian Team Championship"]
[Site "Sochi RUS"]
[Date "2018.05.09"]
[Round "8.4"]
[White "Vladislav Artemiev"]
[Black "Daniil Dubov"]
[Result "1-0"]
[EventDate "2018.05.01"]
[WhiteElo "2704"]
[BlackElo "2696"]
[PlyCount "69"]

1. e4 c5 2. Nc3 Nc6 3. g3 g6 4. Bg2 Bg7 5. d3 d6 6. Be3 e5 7. Nh3 Nge7 8. O-O O-O 9. f4 exf4 10. Nxf4 b5 11. a3 b4 12. axb4 cxb4 13. Ncd5 Bxb2 14. d4 Bxa1 15. Nf6+ Kh8 16. Qxa1 Qa5 17. Qd1 Ng8 18. N4d5 Be6 19. Nxg8 Rxg8 20. Bg5 Rg7 21. Bf6 Rg8 22. Ne3 Qb6 23. Qd2 Na5 24. h4 b3 25. Rb1 b2 26. c4 Rb8 27. Kh2 Qb4 28. Qf2 Nxc4 29. Nxc4 Bxc4 30. d5 Qb6 31. Rxb2 Bb3 32. Qe1 Qb4 33. Qa1 Rg8 34. Qxa7 Qc4 35. Qxf7 1-0

[Event "Russian Team Championship"]
[Site "Sochi RUS"]
[Date "2018.05.08"]
[Round "7.3"]
[White "Daniil Dubov"]
[Black "Evgeny Romanov"]
[Result "1/2-1/2"]
[EventDate "2018.05.01"]
[WhiteElo "2696"]
[BlackElo "2619"]
[PlyCount "97"]

1. c4 e5 2. Nc3 Nf6 3. Nf3 Nc6 4. g3 Bb4 5. Bg2 O-O 6. O-O d6 7. Nd5 Bc5 8. e3 Bb6 9. a4 Ba5 10. d4 Bg4 11. h3 Bh5 12. g4 Bg6 13. Nh4 exd4 14. exd4 Nxd5 15. Nxg6 hxg6 16. Bxd5 Qh4 17. Ra3 Bb4 18. Rf3 Rae8 19. Bf4 Nd8 20. Bg3 Qe7 21. Re3 Qf6 22. Rf3 Qe7 23. Re3 Qf6 24. Qe2 Ne6 25. Rd1 g5 26. Rdd3 a5 27. Kg2 c6 28. Bxe6 Rxe6 29. Rxe6 Qxe6 30. Re3 Qf6 31. Re4 Rd8 32. Re8+ Rxe8 33. Qxe8+ Kh7 34. Qe4+ g6 35. b3 Qe6 36. Qxe6 fxe6 37. Kf3 Kg7 38. Ke4 Kf6 39. d5 e5 40. f3 c5 41. Kd3 Ba3 42. Be1 Bb4 43. Bf2 Ba3 44. Bg3 Bb2 45. Be1 b6 46. Bd2 Bd4 47. Ke2 Bg1 48. Kd3 Bh2 49. Ke4 1/2-1/2

[Event "Russian Team Championship"]
[Site "Sochi RUS"]
[Date "2018.05.07"]
[Round "6.3"]
[White "Pavel Ponkratov"]
[Black "Daniil Dubov"]
[Result "1/2-1/2"]
[EventDate "2018.05.01"]
[WhiteElo "2601"]
[BlackElo "2696"]
[PlyCount "52"]

1. d4 Nf6 2. c4 g6 3. Nc3 d5 4. Nf3 Bg7 5. cxd5 Nxd5 6. e4 Nxc3 7. bxc3 c5 8. Be3 Qa5 9. Nd2 cxd4 10. Nc4 Qd8 11. cxd4 O-O 12. Rc1 f5 13. Qb3 f4 14. Nb6+ e6 15. Rxc8 Qxb6 16. Rxf8+ Kxf8 17. Qxb6 axb6 18. Bxf4 Nc6 19. d5 exd5 20. exd5 Ne5 21. h4 Rxa2 22. Rh3 Ra1+ 23. Ke2 Ra2+ 24. Ke1 Ra1+ 25. Ke2 Ra2+ 26. Ke1 Ra1+ 1/2-1/2

[Event "Russian Team Championship"]
[Site "Sochi RUS"]
[Date "2018.05.05"]
[Round "5.4"]
[White "Daniil Dubov"]
[Black "Denis Khismatullin"]
[Result "1/2-1/2"]
[EventDate "2018.05.01"]
[WhiteElo "2696"]
[BlackElo "2632"]
[PlyCount "92"]

1. d4 Nf6 2. c4 e6 3. Nf3 d5 4. g3 Bb4+ 5. Bd2 Be7 6. Bg2 O-O 7. O-O Nbd7 8. Qc2 c6 9. Rc1 Re8 10. Bf4 Nh5 11. Be3 Nhf6 12. Nc3 dxc4 13. Bg5 h6 14. Bxf6 Bxf6 15. Rd1 Qc7 16. Ne4 Be7 17. Qxc4 Rd8 18. Nc3 Rb8 19. b4 Nb6 20. Qb3 Nd5 21. a3 a5 22. Na2 axb4 23. axb4 b6 24. Rac1 Bb7 25. Ne5 c5 26. Nd3 Bc6 27. b5 Be8 28. e4 Nf6 29. d5 exd5 30. exd5 Bd6 31. Nb2 Qd7 32. Nc3 Be5 33. Nc4 Bd4 34. Qc2 Qg4 35. h3 Qh5 36. d6 Bd7 37. Ne2 Bxb5 38. Nxd4 cxd4 39. Rxd4 Qc5 40. Qb2 Bxc4 41. Rcxc4 Qe5 42. Qb4 Qa5 43. Qb3 Qe1+ 44. Bf1 Qe6 45. Qd1 b5 46. Rc3 Rb6 1/2-1/2

[Event "Russian Team Championship"]
[Site "Sochi RUS"]
[Date "2018.05.04"]
[Round "4.2"]
[White "Alexey Sarana"]
[Black "Daniil Dubov"]
[Result "1/2-1/2"]
[EventDate "2018.05.01"]
[WhiteElo "2587"]
[BlackElo "2696"]
[PlyCount "83"]

1. d4 Nf6 2. c4 g6 3. Nc3 d5 4. Bg5 Ne4 5. Bf4 Nxc3 6. bxc3 Bg7 7. e3 O-O 8. Nf3 c6 9. Be2 Qa5 10. Qb3 dxc4 11. Qxc4 b5 12. Qb4 Qxb4 13. cxb4 a5 14. bxa5 Be6 15. Kd2 Rxa5 16. Rhc1 Bd5 17. Bd1 Nd7 18. Bb3 Rfa8 19. Bxd5 cxd5 20. Rab1 Bf8 21. Ke1 b4 22. Rxb4 e5 23. Rb7 exf4 24. Rxd7 fxe3 25. fxe3 Rxa2 26. Kf1 Bh6 27. Re1 R8a3 28. Rxd5 Bxe3 29. Re2 Ra1+ 30. Re1 Rxe1+ 31. Kxe1 Bf4 32. Kf2 Ra2+ 33. Kf1 Kg7 34. Rb5 Kf6 35. Rb3 Ra1+ 36. Kf2 Ra2+ 37. Kf1 h5 38. g3 Bd6 39. Rb6 Ke7 40. Rb7+ Kf6 41. Rb6 Ke7 42. Rb7+ 1/2-1/2

[Event "Russian Team Championship"]
[Site "Sochi RUS"]
[Date "2018.05.03"]
[Round "3.5"]
[White "Daniil Dubov"]
[Black "Vladimir Potkin"]
[Result "1-0"]
[EventDate "2018.05.01"]
[WhiteElo "2696"]
[BlackElo "2574"]
[PlyCount "129"]

1. d4 d5 2. c4 c6 3. Nf3 Nf6 4. Nc3 e6 5. Bg5 h6 6. Bxf6 Qxf6 7. e3 Nd7 8. Nd2 g6 9. g3 Bg7 10. Bg2 O-O 11. O-O Qe7 12. Re1 Rd8 13. Qb3 Rb8 14. Rac1 Nf6 15. Qa4 a6 16. Qc2 b6 17. b4 dxc4 18. Nxc4 c5 19. bxc5 bxc5 20. Na5 Bd7 21. dxc5 Rdc8 22. c6 Be8 23. Qa4 Rb4 24. Qa3 Bf8 25. Nb3 Qa7 26. Qa5 Qb6 27. Qxb6 Rxb6 28. Red1 Be7 29. Na4 Rb4 30. Nac5 Rb6 31. Nd7 Bxd7 32. cxd7 Rxc1 33. Nxc1 Bd8 34. Nb3 e5 35. Na5 e4 36. Bh3 Kf8 37. Nc4 Rc6 38. Nd6 Rc7 39. Rd4 h5 40. Nxe4 Nxe4 41. Rxe4 Be7 42. Rd4 Bd8 43. Bf1 Rc6 44. Re4 Be7 45. Ra4 Rd6 46. Rxa6 Rxd7 47. a4 h4 48. g4 h3 49. Rc6 Rd2 50. Rc4 Bh4 51. Rf4 Ra2 52. Rxf7+ Ke8 53. Rf3 Ke7 54. Rf7+ Ke8 55. Rf4 g5 56. Rf5 Ra1 57. a5 Kd7 58. a6 Ke7 59. f4 gxf4 60. Rxf4 Bg5 61. Rf3 Ra4 62. Rxh3 Rxg4+ 63. Rg3 Bxe3+ 64. Kg2 Rxg3+ 65. hxg3 1-0

[Event "Russian Team Championship"]
[Site "Sochi RUS"]
[Date "2018.05.02"]
[Round "2.1"]
[White "Peter Svidler"]
[Black "Daniil Dubov"]
[Result "1/2-1/2"]
[EventDate "2018.05.01"]
[WhiteElo "2760"]
[BlackElo "2696"]
[PlyCount "90"]

1. Nf3 c5 2. c4 Nf6 3. d4 cxd4 4. Nxd4 Nc6 5. Nc3 e6 6. g3 Qb6 7. Nf3 d5 8. cxd5 exd5 9. Bg2 d4 10. Na4 Bb4+ 11. Bd2 Qb5 12. b3 O-O 13. O-O Be7 14. Bg5 Bg4 15. Bxf6 Bxf6 16. Rc1 d3 17. Qxd3 Qxd3 18. exd3 Rac8 19. h3 Bf5 20. Nc5 Nb4 21. Nxb7 Bxd3 22. Rxc8 Rxc8 23. Re1 Nxa2 24. Ne5 Bf5 25. Nc6 Be6 26. Nc5 Nb4 27. Nxe6 Nxc6 28. Bxc6 fxe6 29. Bd7 Rd8 30. Bxe6+ Kf8 31. Re2 Re8 32. Kg2 h5 33. f4 g6 34. Kf3 Kg7 35. g4 hxg4+ 36. hxg4 a5 37. g5 Bc3 38. Rc2 Rxe6 39. Rxc3 Rb6 40. Ke4 Rb4+ 41. Ke5 a4 42. bxa4 Rxa4 43. Rc7+ Kf8 44. f5 Ra5+ 45. Kf6 Ra6+ 1/2-1/2

[Event "Russian Team Championship"]
[Site "Sochi RUS"]
[Date "2018.05.01"]
[Round "1.5"]
[White "Boris Gelfand"]
[Black "Daniil Dubov"]
[Result "1/2-1/2"]
[EventDate "2018.05.01"]
[WhiteElo "2695"]
[BlackElo "2696"]
[PlyCount "79"]

1. d4 d5 2. c4 c6 3. Nf3 Nf6 4. Nc3 dxc4 5. a4 e6 6. e3 c5 7. Bxc4 Nc6 8. O-O cxd4 9. exd4 Be7 10. Qe2 O-O 11. Rd1 Nd5 12. Qe4 Nf6 13. Qh4 Nd5 14. Qe4 Nf6 15. Qh4 Nd5 16. Qg3 Bd6 17. Qh3 e5 18. Qh5 Nf6 19. Qh4 Bg4 20. dxe5 Nxe5 21. Nxe5 Bxd1 22. Nxf7 Rxf7 23. Bxf7+ Kxf7 24. Qc4+ Kf8 25. Nxd1 Bxh2+ 26. Kxh2 Qxd1 27. Be3 Qd5 28. Bc5+ Kf7 29. Qxd5+ Nxd5 30. Rd1 Ke6 31. Re1+ Kd7 32. Re5 Kc6 33. Bd4 g6 34. Kg3 Rf8 35. b4 a6 36. Bc5 Rf7 37. Re6+ Kc7 38. Re5 Kc6 39. Re6+ Kc7 40. Re5 1/2-1/2

[Event "China vs World Team 2018"]
[Site "Liaocheng CHN"]
[Date "2018.04.09"]
[Round "8.1"]
[White "Xiangzhi Bu"]
[Black "Daniil Dubov"]
[Result "1-0"]
[EventDate "?"]
[WhiteElo "2725"]
[BlackElo "2696"]
[PlyCount "96"]

1. Nf3 g6 2. d4 Nf6 3. c4 Bg7 4. g3 b6 5. Bg2 Bb7 6. O-O O-O 7. b3 c5 8. Bb2 cxd4 9. Qxd4 d6 10. Nc3 Nbd7 11. Rac1 Rc8 12. Rfd1 Rc5 13. Ne1 Bxg2 14. Nxg2 Re8 15. Nd5 b5 16. Nge3 bxc4 17. Rxc4 Qb8 18. Rxc5 Nxc5 19. Nxf6+ Bxf6 20. Qd2 Bxb2 21. Qxb2 a5 22. Nd5 Qb7 23. Qc3 Ra8 24. h4 h5 25. f3 Kh7 26. Kg2 Ne6 27. Rd2 a4 28. b4 Rc8 29. Qd3 Rc1 30. Rd1 Rc8 31. a3 Qa7 32. Qe4 Ng7 33. b5 Nf5 34. b6 Qd7 35. g4 hxg4 36. fxg4 Nh6 37. h5 Qxg4+ 38. Qxg4 Nxg4 39. hxg6+ fxg6 40. b7 Rb8 41. Rb1 Ne5 42. Nc7 Nd7 43. Na6 Rf8 44. Rc1 Kg7 45. Rc8 Kf7 46. Kg3 d5 47. Nc5 Nb8 48. Ne6 1-0

[Event "China vs World Team 2018"]
[Site "Liaocheng CHN"]
[Date "2018.04.07"]
[Round "3.1"]
[White "Daniil Dubov"]
[Black "Xiangzhi Bu"]
[Result "1-0"]
[EventDate "?"]
[WhiteElo "2696"]
[BlackElo "2725"]
[PlyCount "88"]

1. c4 Nf6 2. Nc3 e5 3. Nf3 Nc6 4. g3 Bb4 5. Bg2 O-O 6. O-O Re8 7. Nd5 Bf8 8. d3 h6 9. b3 d6 10. Bb2 Bg4 11. h3 Bh5 12. Qd2 Nxd5 13. cxd5 Ne7 14. Nh4 Ng6 15. Nf5 Ne7 16. Ne3 f6 17. d4 Qd7 18. dxe5 dxe5 19. Rfd1 Red8 20. Rac1 Rac8 21. Ba3 Bf7 22. Qa5 a6 23. h4 b6 24. Qc3 g6 25. Kh2 Bg7 26. Qb4 Nf5 27. Nxf5 Qxf5 28. Qe1 g5 29. e4 Qg6 30. f3 h5 31. hxg5 Qxg5 32. Bh3 Bg6 33. Rc6 h4 34. gxh4 Qh5 35. Bg4 Qh6 36. Bc1 Qh7 37. Bxc8 Rxc8 38. d6 Bf8 39. Qg3 Kh8 40. Rxc7 Rxc7 41. dxc7 Qxc7 42. Qxg6 Qc2+ 43. Rd2 Qxc1 44. Qh5+ 1-0

[Event "European Championship"]
[Site "Batumi GEO"]
[Date "2018.03.28"]
[Round "11.15"]
[White "Mikhail Kobalia"]
[Black "Daniil Dubov"]
[Result "1-0"]
[EventDate "2018.03.17"]
[WhiteElo "2599"]
[BlackElo "2701"]
[PlyCount "125"]

1. e4 e5 2. Nf3 Nc6 3. Bb5 a6 4. Ba4 Nf6 5. O-O Be7 6. d3 b5 7. Bb3 d6 8. a3 Na5 9. Ba2 c5 10. Nc3 Be6 11. Bg5 c4 12. Ne2 O-O 13. Ng3 Rb8 14. h3 Nc6 15. Qe2 Qc7 16. Rfd1 Rfc8 17. c3 Na5 18. d4 Re8 19. Re1 Rbd8 20. Rad1 Bc8 21. Bb1 g6 22. Qe3 Kh8 23. Nh2 Ng8 24. Bxe7 Qxe7 25. f4 exd4 26. Qxd4+ Nf6 27. Nf3 Nb3 28. Qf2 Bb7 29. Nd4 Nc5 30. e5 dxe5 31. Rxe5 Qc7 32. Rde1 Kg8 33. Bc2 Nd3 34. Bxd3 cxd3 35. Qd2 Rxe5 36. fxe5 Nd7 37. Qg5 Re8 38. e6 f6 39. Qh4 Bd5 40. Nf1 Nc5 41. Qxf6 Nxe6 42. Nxe6 Qb6+ 43. Qd4 Qxd4+ 44. cxd4 Rxe6 45. Rxe6 Bxe6 46. Kf2 Kf7 47. Ne3 Kf6 48. h4 g5 49. hxg5+ Kxg5 50. g3 a5 51. Ke1 a4 52. Kd2 Bc4 53. Kc3 h5 54. Kd2 Kf6 55. Nd1 Ke6 56. Ke3 Kd5 57. Nc3+ Kc6 58. Ne4 b4 59. Nc5 bxa3 60. bxa3 Bb5 61. Ne4 Kd7 62. Nc3 Bc6 63. d5 1-0

[Event "European Championship"]
[Site "Batumi GEO"]
[Date "2018.03.27"]
[Round "10.5"]
[White "Daniil Dubov"]
[Black "Sanan Sjugirov"]
[Result "0-1"]
[EventDate "2018.03.17"]
[WhiteElo "2701"]
[BlackElo "2652"]
[PlyCount "94"]

1. e4 c5 2. Nf3 d6 3. d4 cxd4 4. Nxd4 Nf6 5. Nc3 a6 6. Bg5 e6 7. f4 h6 8. Bh4 Qb6 9. Qd2 Qxb2 10. Rb1 Qa3 11. e5 dxe5 12. fxe5 Nfd7 13. Ne4 Qxa2 14. Rd1 Qd5 15. Qe3 Qxe5 16. Be2 Bc5 17. O-O Nc6 18. c3 O-O 19. Bg3 Qd5 20. Bf2 Nxd4 21. cxd4 Be7 22. Bg3 Qa5 23. Kh1 Nb6 24. Be5 Nd5 25. Qg3 f6 26. Qg6 Bd7 27. Ng5 hxg5 28. Bd3 Ba3 29. Rf3 Be8 30. Qh7+ Kf7 31. Bg6+ Ke7 32. Qxg7+ Kd8 33. Rxf6 Rxf6 34. Bxf6+ Nxf6 35. Qxf6+ Be7 36. Qh8 Qa4 37. Rc1 Rc8 38. Rb1 Qc6 39. h3 Kd7 40. d5 Qxd5 41. Bxe8+ Rxe8 42. Qa1 Kc8 43. Rd1 Qb3 44. Rb1 Qa3 45. Qd4 Qc5 46. Qa1 Qc7 47. Rc1 Bc5 0-1

[Event "European Championship"]
[Site "Batumi GEO"]
[Date "2018.03.26"]
[Round "9.4"]
[White "David Navara"]
[Black "Daniil Dubov"]
[Result "1/2-1/2"]
[EventDate "2018.03.17"]
[WhiteElo "2737"]
[BlackElo "2701"]
[PlyCount "51"]

1. e4 c5 2. Nf3 Nc6 3. Nc3 g6 4. d4 cxd4 5. Nxd4 Bg7 6. Be3 Nf6 7. Bc4 O-O 8. Bb3 Re8 9. f3 d5 10. Bxd5 Nxd5 11. Nxd5 Be6 12. c4 Rc8 13. O-O Nxd4 14. Bxd4 Rxc4 15. Bxg7 Kxg7 16. b3 Rc8 17. Qd4+ Kg8 18. Qxa7 Bxd5 19. Rad1 Ra8 20. Qf2 Qa5 21. Rxd5 Qxa2 22. Qxa2 Rxa2 23. Rf2 Ra1+ 24. Rf1 Ra2 25. Rf2 Ra1+ 26. Rf1 1/2-1/2

[Event "European Championship"]
[Site "Batumi GEO"]
[Date "2018.03.25"]
[Round "8.1"]
[White "Daniil Dubov"]
[Black "Gawain Jones"]
[Result "1/2-1/2"]
[EventDate "2018.03.17"]
[WhiteElo "2701"]
[BlackElo "2651"]
[PlyCount "53"]

1. c4 g6 2. Nf3 Bg7 3. d4 Nf6 4. g3 c5 5. Bg2 O-O 6. O-O cxd4 7. Qxd4 d5 8. cxd5 Nxd5 9. Qh4 Nc6 10. Rd1 Qa5 11. Bd2 Qb5 12. Nc3 Nxc3 13. Bxc3 Qxe2 14. Rd2 Qb5 15. Re1 h6 16. Bxg7 Kxg7 17. Nd4 Qb4 18. Ree2 Nxd4 19. Rxd4 Qc5 20. Rc4 Qf5 21. Qd4+ Qf6 22. Qxf6+ Kxf6 23. Rf4+ Bf5 24. Bxb7 Rab8 25. Bg2 Rfd8 26. h4 e5 27. Rf3 1/2-1/2

[Event "European Championship"]
[Site "Batumi GEO"]
[Date "2018.03.24"]
[Round "7.6"]
[White "Daniil Dubov"]
[Black "Andrei Volokitin"]
[Result "1-0"]
[EventDate "2018.03.17"]
[WhiteElo "2701"]
[BlackElo "2639"]
[PlyCount "85"]

1. c4 g6 2. Nf3 Bg7 3. d4 Nf6 4. g3 c6 5. Bg2 d5 6. O-O dxc4 7. a4 Na6 8. Na3 Be6 9. Ng5 Qd7 10. Nxe6 Qxe6 11. e3 Ne4 12. Qc2 Nd6 13. Bd2 O-O 14. Rac1 c5 15. d5 Qd7 16. Nxc4 Nxc4 17. Qxc4 Bxb2 18. Rb1 Bf6 19. Rfd1 Rab8 20. e4 Bd4 21. Bf4 e5 22. dxe6 Qxe6 23. Qxe6 fxe6 24. Bxb8 Rxb8 25. Bf1 Nc7 26. Rd3 b6 27. Rf3 Kg7 28. Kg2 Ne8 29. Bc4 Nf6 30. Bxe6 Re8 31. Bd5 Nxd5 32. exd5 Rd8 33. Re1 Rd7 34. Re6 Kh6 35. d6 Bb2 36. Rf4 a6 37. h4 b5 38. g4 Bc1 39. Rfe4 c4 40. g5+ Bxg5 41. hxg5+ Kxg5 42. axb5 axb5 43. R4e5+ 1-0

[Event "European Championship"]
[Site "Batumi GEO"]
[Date "2018.03.22"]
[Round "6.14"]
[White "Marin Bosiocic"]
[Black "Daniil Dubov"]
[Result "0-1"]
[EventDate "2018.03.17"]
[WhiteElo "2611"]
[BlackElo "2701"]
[PlyCount "52"]

1. d4 Nf6 2. Nf3 g6 3. c4 Bg7 4. Nc3 d5 5. cxd5 Nxd5 6. e4 Nxc3 7. bxc3 c5 8. Be3 Qa5 9. Nd2 Nd7 10. Rc1 O-O 11. Be2 Qc7 12. e5 Nb6 13. h4 Nd5 14. h5 Rd8 15. hxg6 hxg6 16. Bg5 Bf5 17. g4 Be6 18. Nb3 Bxe5 19. Nxc5 Nf4 20. Bf3 Bc4 21. Bxb7 Rab8 22. Qf3 Rxb7 23. Qxb7 Nd3+ 24. Kd2 Bf4+ 25. Kd1 Nxf2+ 26. Ke1 Nxh1 0-1

[Event "European Championship"]
[Site "Batumi GEO"]
[Date "2018.03.21"]
[Round "5.11"]
[White "Daniil Dubov"]
[Black "Mateusz Bartel"]
[Result "1/2-1/2"]
[EventDate "2018.03.17"]
[WhiteElo "2701"]
[BlackElo "2609"]
[PlyCount "55"]

1. d4 d5 2. c4 e6 3. Nf3 a6 4. cxd5 exd5 5. Nc3 Nf6 6. Qb3 c5 7. Bg5 c4 8. Qc2 Bb4 9. e4 h6 10. Bxf6 Qxf6 11. Be2 O-O 12. O-O Bxc3 13. bxc3 b5 14. a4 dxe4 15. Qxe4 Ra7 16. axb5 Re7 17. Ne5 axb5 18. Qd5 Nd7 19. f4 Nxe5 20. fxe5 Qg5 21. Qc5 Qe3+ 22. Kh1 Ree8 23. Bf3 Qxc3 24. Bc6 Rd8 25. d5 Qxe5 26. Qxb5 Bf5 27. Qxc4 Be4 28. Rad1 1/2-1/2

[Event "European Championship"]
[Site "Batumi GEO"]
[Date "2018.03.20"]
[Round "4.6"]
[White "Mads Andersen"]
[Black "Daniil Dubov"]
[Result "1/2-1/2"]
[EventDate "2018.03.17"]
[WhiteElo "2605"]
[BlackElo "2701"]
[PlyCount "87"]

1. c4 c5 2. Nf3 Nf6 3. Nc3 d5 4. cxd5 Nxd5 5. g3 Nc6 6. Bg2 Nc7 7. a3 g6 8. d3 Bg7 9. Be3 Ne6 10. Rc1 O-O 11. Nd2 Bd7 12. O-O Rc8 13. Nd5 Ncd4 14. Nf4 Nxf4 15. Bxf4 Bc6 16. Rxc5 Ne6 17. Rc2 Bxg2 18. Kxg2 Nxf4+ 19. gxf4 Qd6 20. Nf3 Qxf4 21. h3 Qf6 22. d4 Qf5 23. Rxc8 Rxc8 24. Qb1 Qc2 25. e3 Qc6 26. Rd1 e6 27. Rd3 Qd5 28. Rd2 f5 29. Rc2 Rc6 30. Rxc6 bxc6 31. Kg3 Bf8 32. Ne5 c5 33. Qd3 Bd6 34. f4 Bxe5 35. fxe5 c4 36. Qc2 g5 37. Qa4 Qe4 38. Qe8+ Kg7 39. Qe7+ Kg6 40. Qxe6+ Kh5 41. Qf7+ Kh6 42. Qf6+ Kh5 43. Qf7+ Kh6 44. Qf6+ 1/2-1/2

[Event "European Championship"]
[Site "Batumi GEO"]
[Date "2018.03.19"]
[Round "3.21"]
[White "Daniil Dubov"]
[Black "Evgeny Postny"]
[Result "1-0"]
[EventDate "2018.03.17"]
[WhiteElo "2701"]
[BlackElo "2579"]
[PlyCount "43"]

1. c4 c6 2. Nf3 d5 3. d4 Nf6 4. Nc3 dxc4 5. e4 b5 6. Be2 e6 7. O-O Bb7 8. b3 Bb4 9. e5 Bxc3 10. exf6 gxf6 11. Rb1 c5 12. bxc4 cxd4 13. Rxb5 Bc6 14. Rc5 Be4 15. Bd3 Bxd3 16. Qxd3 Na6 17. Rb5 Qd6 18. Nh4 Qc6 19. Ba3 Rc8 20. Qg3 Qxc4 21. Qd6 Bb4 22. Bxb4 1-0

[Event "European Championship"]
[Site "Batumi GEO"]
[Date "2018.03.18"]
[Round "2.61"]
[White "Jan Vykouk"]
[Black "Daniil Dubov"]
[Result "0-1"]
[EventDate "2018.03.17"]
[WhiteElo "2445"]
[BlackElo "2701"]
[PlyCount "118"]

1. e4 c5 2. Nf3 Nc6 3. d4 cxd4 4. Nxd4 Nf6 5. Nc3 e5 6. Ndb5 d6 7. Bg5 a6 8. Na3 b5 9. Nd5 Be7 10. Bxf6 Bxf6 11. c4 b4 12. Nc2 O-O 13. g3 Rb8 14. Qd3 Bg5 15. Bg2 Be6 16. O-O a5 17. b3 Kh8 18. Rad1 Rb7 19. Nce3 Bxe3 20. Nxe3 Rd7 21. f4 f6 22. Kh1 Qb6 23. Bf3 Rdd8 24. Bg4 Bg8 25. Nf5 a4 26. Rd2 axb3 27. axb3 Ra8 28. Rfd1 Rfd8 29. Qf1 Na5 30. Rxd6 Rxd6 31. Rxd6 Qc5 32. Qd3 Nb7 33. Rd7 Qf2 34. Qe3 Ra1+ 35. Rd1 Rxd1+ 36. Bxd1 Qf1+ 37. Qg1 Qd3 38. Qe1 Nc5 39. fxe5 fxe5 40. Kg2 Nxb3 41. Bxb3 Qxb3 42. Qa1 Qc2+ 43. Kf3 Qd3+ 44. Ne3 Bxc4 45. Qa8+ Bg8 46. Qb7 b3 47. h4 Qc3 48. Kf2 Qc5 49. Kf3 h5 50. Nf5 Qf8 51. Kg2 Be6 52. Qb5 Kh7 53. Qxe5 Qf6 54. Qb5 Qb2+ 55. Kf3 Qc3+ 56. Kf4 b2 57. Qe8 Qc1+ 58. Ke5 Bxf5 59. Kxf5 Qc5+ 0-1